000 00440nam a2200169 a 4500
001 0000-8689
003 ELIB.Books
008 110520 1999
035 _a(ELIB.Books)0000-8835
082 _a225
_bJoh
100 _aJohnson, Luke Timothy
245 _aThe Writings of the New Testament
260 _bMinneapolis: Fortress Press
_c1999
650 _aNew Testament
942 _2ddc
_cBK
998 _cbat
_e2011-05-20
999 _c8689
_d8689